01435cam a2200337 a 4500001001400000003000800014005001700022006001900039007001500058008004100073020003800114040003000152049002600182050001000208082001400218100004700232245008500279260005200364300003500416520029100451521001700742588004700759504005100806650002100857655002900878710001600907776003500923856010400958942001601062999001901078EDZ0000085548StDuBDS20161031105127.0m||||||||d||||||||cr |||||||||||120521s2001 cau fo| 001|0|eng|d a9781452233901 (ebook) :cNo price aStDuBDSbengcStDuBDSepn aAlfaisal Main Library 4aGN50204a155.82231 aThomas, R. Murrayq(Robert Murray),d1921-10aFolk psychologies across culturesh[electronic resource] /cby R. Murray Thomas. aThousand Oaks, Calif. ;aLondon :bSAGE,c2001. a1 online resource (ix, 335 p.)8 aWithout taking a single psychology course, ordinary people learn to understand, predict, and explain one another's actions, thoughts, and motivations. Many cognitive scientists and philosophers claim that our everyday or folk understanding of mental states constitutes a theory of mind. aSpecialized. aDescription based on print version record. aIncludes bibliographical references and index. 0aEthnopsychology. 7aElectronic books.2local2 aSage eBooks08iPrint version :z978076192460940uhttp://ezproxy.alfaisal.edu/login?url=http://sk.sagepub.com/books/folk-psychologies-across-cultures 2lcccEBOOKS c479896d479896